EVANGELIZACION, LIBERACION Y DESARROLLO (Registro nro. 13966)
[ vista simple ]
| 000 -LEADER | |
|---|---|
| fixed length control field | 00498nam a2200181 a 4500 |
| 001 - CONTROL NUMBER | |
| control field | 13966 |
| 005 - DATE AND TIME OF LATEST TRANSACTION | |
| control field | 20180713202413.0 |
| 008 - FIXED-LENGTH DATA ELEMENTS--GENERAL INFORMATION | |
| fixed length control field | 140415s1991 000 0 spa d |
| 041 ## - LANGUAGE CODE | |
| Language code of text/sound track or separate title | spa |
| 082 ## - DEWEY DECIMAL CLASSIFICATION NUMBER | |
| Classification number | 306.6 |
| Item number | RAM |
| 100 1# - MAIN ENTRY--PERSONAL NAME | |
| Personal name | RAMIREZ, MANUEL P. |
| 245 10 - TITLE STATEMENT | |
| Title | EVANGELIZACION, LIBERACION Y DESARROLLO |
| 250 ## - EDITION STATEMENT | |
| Edition statement | 2a ed. |
| 260 ## - PUBLICATION, DISTRIBUTION, ETC. | |
| Place of publication, distribution, etc. | [s.l.] : |
| Name of publisher, distributor, etc. | IMDOSOC, |
| Date of publication, distribution, etc. | 1991 |
| 300 ## - PHYSICAL DESCRIPTION | |
| Extent | 23 |
| 490 ## - SERIES STATEMENT | |
| Series statement | DOCTRINA SOCIAL CRISTIANA |
| Volume/sequential designation | 15 |
| 650 14 - SUBJECT ADDED ENTRY--TOPICAL TERM | |
| Topical term or geographic name entry element | OBRA EVANGELICA |
| General subdivision | RELIGION Y SOCIOLOGIA |
| Withdrawn status | Lost status | Source of classification or shelving scheme | Damaged status | Not for loan | Collection code | Home library | Current library | Shelving location | Date acquired | Source of acquisition | Total Checkouts | Full call number | Barcode | Price effective from | Koha item type |
|---|---|---|---|---|---|---|---|---|---|---|---|---|---|---|---|
| Dewey Decimal Classification | Consulta en sala | Referencia | Biblioteca Karol Wojtyla | Biblioteca Karol Wojtyla | Referencia | 03/12/2013 | Compra | 306.6 RAM | 30983 | 11/07/2018 | Folleto |